My Hero Academia | Devine le personnage | Difficile - Statistiques

Statistiques générales
  • Ce quiz a été pris 25 fois
  • Le résultat moyen est 6 sur 16
Statistiques - réponses
Par images Réponse % Correct
Chikara Yotsubashi
100%
Christopher Skyline
100%
Crust
100%
Gun Head
100%
Juzo Moashi
100%
Kaoruko Awata
100%
Ken Takagi
100%
Kota Izumi
100%
Kugo Sakamata
100%
Masaki Mizushima
100%
Shishido
100%
Snipe
100%
Susugu Mitarai
100%
Tensei Iida
100%
Tetsutetsu Tetsutetsu
100%
Yoichi Shigaraki
100%
Ryuko Tatsuma
83%
Ectoplasm
80%
Moe Kamiji
75%
Nana Shimura
75%
Rei Todoroki
75%
Ryo Inui
75%
Anan Kurose
67%
Chiyo Shuzenji
67%
Manami Aiba
67%
Manga Fukidashi
67%
Shihai Kuroiro
67%
Shino Sosaki
67%
Yosetsu Awase
67%
En Tayutai
50%
Higari Maijima
50%
Joi Irinaka
50%
Kyudai Garaki
50%
Lunch Rush
50%
Moonfish
50%
Nine
50%
Selkie
50%
Setsuna Tokage
50%
Tatami Nakagame
50%
Yawara Chatora
50%
Yo Shindo
50%
Uwabami
43%
Juzo Honenuki
40%
Yui Kodai
40%
Hari Kurono
33%
Kendo Rappa
33%
Kinoko Komori
33%
Seiji Shishikura
33%
Bruce
25%
Kiruka Hasaki
25%
Tatsuyuki Tokoname
25%
Tomoyasu Chikazoku
25%
Koku Hanabata
20%
Nagamasa Mora
20%
Sen Kaibara
20%
Toya Setsuno
20%
Apocrypha
0%
Banjyo Daigoro
0%
Bare Handeath
0%
Chitose Kizuki
0%
Deidoro Sakaki
0%
Emi Fukukado
0%
Fourth Kind
0%
Fuyumi Todoroki
0%
Hekiji Tengai
0%
Higari Maijima
0%
Hikage Shinomori
0%
Hiryu Rin
0%
Jurota Shishida
0%
Kagero Okuta
0%
Kenji Tsuragamae
0%
Kojiro Bondo
0%
Kosei Tsuburaba
0%
Kudo
0%
Mera Yokumiru
0%
Mustard
0%
Naomasa Tsukauchi
0%
Natsuo Todoroki
0%
Nezu
0%
Nirengeki Shoda
0%
Pony Tsunotori
0%
Reiko Yanagi
0%
Rikiya Katsukame
0%
Ryuko Tsuchikawa
0%
Saiko Intelli
0%
Sajin Higawara
0%
Sansa Tamakawa
0%
Sekijiro Kan
0%
Shin Nemoto
0%
Sirius
0%
Soramitsu Tabe
0%
Togaru Kamakiri
0%
Tomoko Shiretoko
0%
Yoroi Musha
0%
Yu Hojo
0%
Aucun quiz correspondant
Distribution des résultats
% des personnes avec chaque résultat
Percentile par nombre de réponses
Votre historique - résultats
Vous n’avez pas pris ce quiz